000 00351nam a2200145Ia 4500
008 230917s9999||||xx |||||||||||||| ||und||
040 _e42877
_aMAIN
041 _aEnglish
082 _a811.4 F929G:R
100 _aGerber, Philip L
245 0 _aRobert Frost
260 _aNew Heaven
_bCollege & University
_c1966
300 _a192 p.
942 _cBK
999 _c190242
_d190242